| 000 | 00000nam##2200000za#4500 |
| 001 | 9.616208 |
| 003 | CaOODSP |
| 005 | 20211126112847 |
| 007 | ta |
| 008 | 150406|2002||||xxc||||| f|0| 0 eng|d |
| 022 | |a1192-5434 |
| 040 | |aCaOODSP|beng |
| 043 | |an-cn--- |
| 086 | 1 |aFB3-2/102-41E |
| 110 | 2 |aBank of Canada. |
| 245 | 10|aEstimating settlement risk and the potential for contagion in Canada's automated clearing settlement system / |cby Carol Ann Northcott. |
| 260 | |aOttawa - Ontario : |bBank of Canada |c2002. |
| 300 | |av, 43p. : |bgraphs, tables ; |c28 cm. |
| 490 | 1 |aWorking paper|x1192-5434|v2002-41 |
| 504 | |aBibliography. |
| 546 | |aRésumés en français. |
| 563 | |aSoftcover |
| 590 | |a03-01|b2003-01-03 |
| 690 | 07|aEconomic indicators|2gcpds |
| 690 | 07|aInflation|2gcpds |
| 690 | 07|aProductivity|2gcpds |
| 720 | 1 |aChacra, Marwan |
| 776 | 0#|tEstimating settlement risk and the potential for contagion in Canada's automated clearing settlement system / |w(CaOODSP)9.580551 |
| 830 | #0|aWorking paper,|x1192-5434|v2002-41|w(CaOODSP)9.514622 |